000 01187nam2a2200277 4500
001 RU\NLR\BIBL_A\011714401
005 20180607095333.0
010 _a978-5-9906574-8-9
_9100
021 _aRU
_bКН-П-18-032948
_9КН-П-18-2397
035 _a(NLR Aleph) 011714401
035 _a(RuMoRGB)009623575
090 _a11450067
_c11450067
100 _a20180528d2018 u y0rusy50 ca
101 0 _arus
102 _aRU
105 _aa z 000gy
200 0 _a8
210 _d2018
215 _a59 с.
_cил.
461 0 _1001RU\NLR\BIBL_A\011082923
_12001#$aТрудовой Нижний$eсборник стихов$fСергей Жидков$v8
_1700#1$aЖидков$bС. Б.$f1951-$gСергей Борисович$3RU\NLR\AUTH\770186560
_911331580
_aЖидков, С. Б. (1951-)
_cНижний Новгород
_d2013
_fСергей Жидков
_nТипография "Нижегородская радиолаборатория"
_oсборник стихов
_tТрудовой Нижний
_v8
852 _aNLR
_j2014-4/3651
942 _cBOOK
980 _aNBR
980 _aNB